[Event "Amagermesterskabet 2011"]
[Site "Sundbyoster"]
[Date "2011.10.04"]
[Round "5"]
[White "Lunding, Peter M"]
[Black "Jensen, Thore Nyboe"]
[Result "1/2-1/2"]
[WhiteElo "1928"]
[BlackElo "2013"]
[PlyCount "152"]
[EventDate "2011.??.??"]

1. d4 d5 2. Nf3 Nf6 3. Bg5 e6 4. e3 Be7 5. Bd3 Nbd7 6. Nbd2 c5 7. c3 b6 8. O-O
Bb7 9. Qe2 Ne4 10. Bxe7 Qxe7 11. Bb5 O-O 12. Ne1 Ndf6 13. f4 a6 14. Bd3 b5 15.
Nef3 c4 16. Bc2 a5 17. Nxe4 Nxe4 18. Bxe4 dxe4 19. Nd2 f5 20. Kh1 Rfc8 21. g4
Kh8 22. g5 Bc6 23. Rfc1 Be8 24. Nf1 Rab8 25. Ng3 Bc6 26. Kg2 Bd5 27. a3 Rb6 28.
Nf1 b4 29. axb4 axb4 30. Qd2 Rcb8 31. Kf2 Qf7 32. Ng3 Qb7 33. Nf1 Kg8 34. h4
Kf7 35. Ng3 bxc3 36. bxc3 Rb2 37. Rc2 Rxc2 38. Qxc2 Qb2 39. Rc1 Qxc2+ 40. Rxc2
Ra8 41. Rc1 Ra2+ 42. Kg1 Ke7 43. Kh1 Bc6 44. h5 Kd6 45. Kg1 Ba4 46. Rb1 Bb3 47.
Rc1 Bc2 48. Kg2 Bd3+ 49. Kh3 Kc6 50. Re1 g6 51. h6 Kb5 52. Rc1 Ka4 53. Nh5 Kb3
54. Nf6 Ra7 55. d5 Kb2 56. Rg1 Kxc3 57. d6 Kd2 58. d7 Ra8 59. Nxh7 c3 60. Nf6
c2 61. h7 Rh8 62. Kg3 Bb5 63. Rg2+ Kd1 64. Rg1+ Kd2 65. Rg2+ Kd3 66. Rg1 Bxd7
67. Nxd7 Rxh7 68. Nc5+ Kxe3 69. Rc1 Kd2 70. Nb3+ Kc3 71. Na1 Kd3 72. Rxc2 e3
73. Rc6 Re7 74. Nc2 Kd2 75. Nxe3 Kxe3 76. Rc8 e5 1/2-1/2

[Event "Amagermesterskabet 2011"]
[Site "Sundbyoster"]
[Date "2011.10.04"]
[Round "5"]
[White "Nielsen, Bjorn"]
[Black "Haagen Larsen, Hans"]
[Result "0-1"]
[WhiteElo "1084"]
[BlackElo "1618"]
[PlyCount "80"]
[EventDate "2011.??.??"]

1. e4 e6 2. e5 d5 3. d4 c5 4. Bb5+ Nd7 5. c3 Ne7 6. Nf3 Nc6 7. Be3 Qb6 8. Qb3
Be7 9. Nbd2 c4 10. Qa4 O-O 11. Rb1 f6 12. Bxc6 bxc6 13. Bf4 fxe5 14. Bxe5 Ba6
15. Qc2 Rae8 16. Bg3 Bf6 17. Ne5 Bxe5 18. Bxe5 Nxe5 19. O-O Nd3 20. Nf3 c5 21.
Ne5 Qc7 22. Nxd3 cxd3 23. Qd2 c4 24. Rfe1 Rf6 25. Re5 Bc8 26. Rf1 Rf5 27. Re3
Ref8 28. b4 e5 29. Rxe5 Rxe5 30. dxe5 Qxe5 31. f3 Re8 32. g3 d4 33. cxd4 Qxd4+
34. Kg2 Re2+ 35. Qxe2 dxe2 36. Re1 Qe3 37. a4 Bb7 38. Kh3 Qxf3 39. b5 Bc8+ 40.
Kh4 Qg4# 0-1

[Event "Amagermesterskabet 2011"]
[Site "Sundbyoster"]
[Date "2011.10.04"]
[Round "5"]
[White "Petersen, Nils"]
[Black "Nielsen, Mogens Bach"]
[Result "1-0"]
[WhiteElo "1985"]
[BlackElo "1804"]
[PlyCount "81"]
[EventDate "2011.??.??"]

1. c4 c5 2. g3 g6 3. Bg2 Bg7 4. Nc3 Nc6 5. Nf3 e5 6. d3 Nge7 7. Bg5 d6 8. Qd2
h6 9. Bxe7 Nxe7 10. O-O O-O 11. Rab1 Be6 12. e4 Qc8 13. b4 Bh3 14. Bxh3 Qxh3
15. bxc5 dxc5 16. Rxb7 Qe6 17. Nd5 Nxd5 18. cxd5 Qd6 19. Qb2 f5 20. Nd2 f4 21.
f3 fxg3 22. hxg3 Qf6 23. f4 Qa6 24. Nc4 Rae8 25. Qb5 Qxb5 26. Rxb5 exf4 27.
gxf4 Rb8 28. Rxb8 Bd4+ 29. Kg2 Rxb8 30. e5 Kf7 31. Kf3 h5 32. Ke4 h4 33. Kf3
Rd8 34. Nd6+ Ke7 35. Kg4 Rf8 36. Rb1 Bf2 37. Rb7+ Kd8 38. Rxa7 Rxf4+ 39. Kxf4
Bg3+ 40. Kg4 Bxe5 41. Nf7+ 1-0

[Event "Amagermesterskabet 2011"]
[Site "Sundbyoster"]
[Date "2011.10.04"]
[Round "5"]
[White "Svensson, John Michael"]
[Black "Brorsen, Jacob Abildlund"]
[Result "0-1"]
[WhiteElo "1409"]
[BlackElo "2101"]
[PlyCount "52"]
[EventDate "2011.??.??"]

1. d4 d5 2. Nf3 e6 3. c4 c5 4. cxd5 exd5 5. e3 Nf6 6. Be2 Nc6 7. Qa4 Bd7 8.
dxc5 Bxc5 9. Qc2 Bd6 10. Nc3 O-O 11. Qb3 Rc8 12. Nxd5 Nxd5 13. Qxd5 Be6 14. Qd1
Nb4 15. Nd4 Bxa2 16. Bd2 Bd5 17. Bf3 Nd3+ 18. Kf1 Bc4 19. Be2 Nxb2 20. Qb1
Bxe2+ 21. Kxe2 Nc4 22. Rxa7 Bc5 23. Rxb7 Bxd4 24. exd4 Nxd2 25. Kxd2 Qxd4+ 26.
Ke2 Rfe8+ 0-1

[Event "Amagermesterskabet 2011"]
[Site "Sundbyoster"]
[Date "2011.10.04"]
[Round "5"]
[White "Tronning, Mark Philip"]
[Black "Jensen, Jonbert"]
[Result "1/2-1/2"]
[WhiteElo "1439"]
[BlackElo "1345"]
[PlyCount "70"]
[EventDate "2011.??.??"]

1. e4 d6 2. d4 Nf6 3. Nc3 a6 4. Be2 e6 5. Be3 Be7 6. Nf3 O-O 7. O-O b5 8. a3 c5
9. dxc5 dxc5 10. Qxd8 Rxd8 11. Rfd1 Rxd1+ 12. Rxd1 Bb7 13. e5 Nd5 14. Bg5 Nxc3
15. bxc3 Bxg5 16. Nxg5 Nc6 17. Rd7 Nd8 18. f4 Rb8 19. Bf3 Bxf3 20. gxf3 Ra8 21.
Ne4 c4 22. Nd6 g6 23. Kf2 Kg7 24. Ke3 h5 25. h4 Kf8 26. Kd4 Nc6+ 27. Kc5 Ne7
28. Rc7 Nd5 29. Rxf7+ Kg8 30. Kd4 Rf8 31. Rxf8+ Kxf8 32. Ne4 Nxf4 33. Ng5 Ke7
34. Kc5 Nd5 35. Kd4 Nf4 1/2-1/2

[Event "Amagermesterskabet 2011"]
[Site "Sundbyoster"]
[Date "2011.10.18"]
[Round "6"]
[White "Brorsen, Kristian"]
[Black "Larsen, Julie"]
[Result "1-0"]
[WhiteElo "1189"]
[BlackElo "1162"]
[PlyCount "51"]
[EventDate "2011.??.??"]

1. d4 d5 2. e3 Nf6 3. c4 e6 4. Nf3 b6 5. Nc3 Bb4 6. Qa4+ Nc6 7. Qxc6+ Bd7 8.
Qb7 Rb8 9. Qa6 Bc6 10. Ne5 Qd6 11. Nxc6 Qxc6 12. Qb5 Qxb5 13. cxb5 Ne4 14. Bd2
O-O 15. Nxe4 Bxd2+ 16. Nxd2 f5 17. Nf3 Rbd8 18. Ng5 Rf6 19. Rc1 h6 20. Nf3 Rd7
21. Be2 g5 22. Ne5 Rg7 23. O-O g4 24. Rc6 Rf8 25. Rxe6 h5 26. Rg6 1-0

[Event "Amagermesterskabet 2011"]
[Site "Sundbyoster"]
[Date "2011.10.18"]
[Round "6"]
[White "Gram, Mathias Laerkegaard"]
[Black "Gade, Jens"]
[Result "0-1"]
[WhiteElo "1471"]
[BlackElo "1292"]
[PlyCount "110"]
[EventDate "2011.??.??"]

1. e4 c5 2. Nf3 d6 3. d4 cxd4 4. Nxd4 Nf6 5. Nc3 a6 6. Bc4 e6 7. Be3 Be7 8. a4
O-O 9. O-O Qc7 10. Bb3 Bd7 11. f4 Nc6 12. Qf3 Rad8 13. Nde2 h6 14. Ng3 e5 15.
f5 Nd4 16. Bxd4 exd4 17. Nd5 Nxd5 18. Bxd5 Bc6 19. Qg4 Bxd5 20. f6 Bxf6 21.
Rxf6 Be6 22. Nf5 Bxf5 23. exf5 Kh7 24. Rxh6+ gxh6 25. f6 Rg8 26. Qf5+ Rg6 27.
Re1 Qc5 28. Qd3 Qc6 29. g3 Re8 30. Re7 Rxe7 31. fxe7 Qe8 32. Qe4 Kg8 33. Qxb7
Re6 34. a5 Qxe7 35. Qxa6 Re2 36. Qc8+ Qe8 37. Qg4+ Kf8 38. Qxd4 Qe3+ 39. Qxe3
Rxe3 40. Kf2 Re5 41. b4 Rb5 42. c3 Ke8 43. Ke3 Kd7 44. g4 Kc6 45. Kf4 Kb7 46.
h4 Ka6 47. Ke4 f6 48. Kd4 h5 49. c4 Re5 50. c5 dxc5+ 51. bxc5 Kxa5 52. g5 Kb5
53. gxf6 Rf5 54. Ke4 Rxf6 55. Ke5 Rg6 0-1

[Event "Amagermesterskabet 2011"]
[Site "Sundbyoster"]
[Date "2011.10.18"]
[Round "6"]
[White "Hansen, Benny"]
[Black "Thorgrimson, Elof"]
[Result "0-1"]
[WhiteElo "1432"]
[BlackElo "1694"]
[PlyCount "98"]
[EventDate "2011.??.??"]

1. Nf3 d5 2. g3 Nc6 3. d4 g6 4. Bg2 Bg7 5. c3 Nf6 6. Nbd2 O-O 7. O-O Re8 8. Re1
Bf5 9. Nh4 Bd7 10. e4 dxe4 11. Nxe4 Nxe4 12. Bxe4 e6 13. Be3 f5 14. Bd3 a6 15.
Qd2 Bf6 16. Ng2 h5 17. h4 e5 18. Bg5 Bxg5 19. hxg5 exd4 20. Bc2 Be6 21. Nf4 Bf7
22. Rxe8+ Qxe8 23. Re1 Qd7 24. Bb3 Bxb3 25. axb3 Re8 26. Rxe8+ Qxe8 27. Nd5 Qd8
28. Nf6+ Kg7 29. f4 h4 30. Qg2 d3 31. Qd2 Na5 32. Kf2 Nxb3 33. Qd1 d2 34. Ke2
Qe7+ 35. Kf2 Qe6 36. Qe2 Kf7 37. Qxe6+ Kxe6 38. Ke2 c5 39. Kd1 a5 40. Ne8 Kd7
41. Nf6+ Ke7 42. Nd5+ Kd6 43. Ne3 c4 44. Nf1 Kd5 45. Ne3+ Ke4 46. Ke2 Nc1+ 47.
Kxd2 Nd3 48. Nd1 Kf3 49. Ne3 Kxg3 0-1

[Event "Amagermesterskabet 2011"]
[Site "Sundbyoster"]
[Date "2011.10.11"]
[Round "6"]
[White "Henriksen, Peter"]
[Black "Holmberg, Thomas"]
[Result "1-0"]
[WhiteElo "1459"]
[BlackElo "1121"]
[PlyCount "49"]
[EventDate "2011.??.??"]

1. d4 d5 2. c4 dxc4 3. Nc3 e6 4. e4 Bb4 5. Bxc4 b6 6. Nge2 Bb7 7. O-O Nf6 8.
Bg5 h6 9. Bxf6 gxf6 10. Qa4+ Nc6 11. d5 Qd6 12. Rad1 O-O-O 13. dxc6 Bxc6 14.
Bb5 Bxb5 15. Nxb5 Qc6 16. Nxa7+ Kb7 17. Nxc6 Rxd1 18. Rxd1 Bc5 19. Rd8 Rxd8 20.
Nxd8+ Kb8 21. Nd4 Bxd4 22. Qxd4 e5 23. Qa4 h5 24. Qa6 h4 25. Qb7# 1-0

[Event "Amagermesterskabet 2011"]
[Site "Sundbyoster"]
[Date "2011.10.11"]
[Round "6"]
[White "Kinch, Peder"]
[Black "Jensen, Jonbert"]
[Result "1-0"]
[WhiteElo "1204"]
[BlackElo "1345"]
[PlyCount "81"]
[EventDate "2011.??.??"]

1. f4 d5 2. Nf3 Nf6 3. e3 a6 4. b3 Nc6 5. Bb2 Bf5 6. Be2 Qd6 7. O-O h5 8. Ne5
Qe6 9. c4 O-O-O 10. Nxc6 Qxc6 11. Bf3 Bg4 12. cxd5 Nxd5 13. Bxg4+ hxg4 14. Qe2
f5 15. Be5 Qh6 16. g3 Qc6 17. Na3 e6 18. Rac1 Qd7 19. Nc2 Bd6 20. d4 Bxe5 21.
fxe5 Nc3 22. Qc4 Ne4 23. Rcd1 g5 24. Nb4 Qh7 25. Qc2 Nc3 26. Rd2 Nd5 27. Nxd5
Rxd5 28. b4 Qd7 29. Rc1 c6 30. a4 Kb8 31. Qc4 Qc7 32. Rb2 Rhd8 33. b5 c5 34.
bxa6 b6 35. a5 Rxd4 36. exd4 Rxd4 37. Qxd4 cxd4 38. Rxc7 Kxc7 39. axb6+ Kb8 40.
Rd2 f4 41. Rxd4 1-0

[Event "Amagermesterskabet 2011"]
[Site "Sundbyoster"]
[Date "2011.10.11"]
[Round "6"]
[White "Lontoft, Sven"]
[Black "Brorsen, Jacob Abildlund"]
[Result "0-1"]
[WhiteElo "1699"]
[BlackElo "2101"]
[PlyCount "66"]
[EventDate "2011.??.??"]

1. c4 g6 2. Nc3 Bg7 3. g3 e5 4. Bg2 Nc6 5. Nf3 f5 6. d3 Nf6 7. Bg5 h6 8. Bxf6
Bxf6 9. Nd5 O-O 10. Qd2 Bg7 11. e4 d6 12. Nh4 Kh7 13. exf5 gxf5 14. O-O Nd4 15.
Nf3 Ne6 16. Bh3 Qe8 17. Ne3 Qh5 18. Nh4 Nd4 19. Bg2 Bf6 20. Qd1 Ne2+ 21. Kh1
Bxh4 22. gxh4 f4 23. Be4+ Kh8 24. f3 Nd4 25. Ng2 c6 26. Rg1 Rf6 27. b4 Be6 28.
b5 d5 29. bxc6 bxc6 30. cxd5 cxd5 31. Qb1 dxe4 32. Qb7 Rg8 33. Qe7 Rf7 0-1

[Event "Amagermesterskabet 2011"]
[Site "Sundbyoster"]
[Date "2011.10.11"]
[Round "6"]
[White "Haagen Larsen, Hans"]
[Black "Sorensen, Johnny"]
[Result "1-0"]
[WhiteElo "1618"]
[BlackElo "1233"]
[PlyCount "125"]
[EventDate "2011.??.??"]

1. e4 d6 2. d4 Nf6 3. Nc3 g6 4. Bg5 Bg7 5. Qd2 O-O 6. O-O-O c6 7. Be2 b5 8. f3
Re8 9. g4 Qc7 10. h4 e5 11. h5 exd4 12. Nb1 d5 13. hxg6 fxg6 14. Bf4 Qe7 15. e5
Nfd7 16. Bg5 Qxe5 17. f4 Qd6 18. Bd3 Nc5 19. Qh2 Nxd3+ 20. Rxd3 Kf7 21. Nf3 Nd7
22. Nxd4 Nc5 23. Rdd1 Bxg4 24. Bh6 Bf6 25. Rd2 Re4 26. c3 Rae8 27. Bg5 Bg7 28.
Rg2 Qd7 29. Bh6 Bf6 30. Qg3 Bh5 31. Nd2 Re3 32. N4f3 Ne4 33. Nxe4 Rxf3 34. Nxf6
Rxg3 35. Nxd7 Rxg2 36. Ne5+ Kf6 37. Nxc6 Ree2 38. Bg5+ Kf5 39. Ne5 Ke6 40. Nd3
Rc2+ 41. Kb1 Kd6 42. Bf6 Rcd2 43. Be5+ Ke6 44. Nc1 Rxb2+ 45. Ka1 Bf3 46. c4 Be4
47. Bxb2 bxc4 48. Bd4 Rg4 49. Rxh7 Rxf4 50. Rxa7 g5 51. Kb2 Rf3 52. Rg7 Rg3 53.
a4 Kf5 54. a5 Kg4 55. a6 Rg2+ 56. Ka3 Rg3+ 57. Kb4 Rg1 58. Ne2 Rb1+ 59. Kc5 Rb3
60. a7 Ra3 61. Nc3 Ra5+ 62. Kb4 Bf5 63. Kxa5 1-0

[Event "Amagermesterskabet 2011"]
[Site "Sundbyoster"]
[Date "2011.10.18"]
[Round "6"]
[White "Larsen, Ulrik Jejlskov"]
[Black "Mielow, Bjarne"]
[Result "0-1"]
[WhiteElo "1591"]
[BlackElo "1566"]
[PlyCount "34"]
[EventDate "2011.??.??"]

1. d4 d5 2. e3 Nf6 3. Bd3 g6 4. Nd2 Bg7 5. Ngf3 O-O 6. O-O Nbd7 7. Qe2 Re8 8.
e4 e5 9. dxe5 dxe4 10. Nxe4 Nxe4 11. Qxe4 Nc5 12. Qc4 Nxd3 13. Bg5 Nxe5 14.
Nxe5 Be6 15. Qh4 f6 16. Nf3 fxg5 17. Nxg5 h6 0-1

[Event "Amagermesterskabet 2011"]
[Site "Sundbyoster"]
[Date "2011.10.11"]
[Round "6"]
[White "Mollmann, Erik"]
[Black "Jensen, Thore Nyboe"]
[Result "0-1"]
[WhiteElo "1601"]
[BlackElo "2013"]
[PlyCount "36"]
[EventDate "2011.??.??"]

1. d4 Nf6 2. Bf4 c5 3. d5 Qb6 4. Na3 Qxb2 5. Qc1 Qxc1+ 6. Rxc1 Nxd5 7. Bxb8
Rxb8 8. e4 Nc3 9. Bd3 a6 10. Ne2 Nxa2 11. Rd1 Nb4 12. O-O b5 13. Nf4 e6 14. Be2
Be7 15. c3 Na2 16. c4 Nc3 17. Rc1 b4 18. Nb1 Nxe4 0-1

[Event "Amagermesterskabet 2011"]
[Site "Sundbyoster"]
[Date "2011.10.11"]
[Round "6"]
[White "Nielsen, Mogens Bach"]
[Black "Lunding, Peter M"]
[Result "1/2-1/2"]
[WhiteElo "1804"]
[BlackElo "1928"]
[PlyCount "62"]
[EventDate "2011.??.??"]

1. c4 c6 2. d4 d5 3. Nf3 Nf6 4. Nc3 e6 5. e3 Bd6 6. Qc2 O-O 7. Bd3 Nbd7 8. e4
dxe4 9. Nxe4 Nxe4 10. Bxe4 h6 11. O-O c5 12. Rd1 Qc7 13. h3 Nf6 14. Bd3 b6 15.
Be3 Bb7 16. Qe2 Rad8 17. dxc5 bxc5 18. Ne1 Rd7 19. Qd2 Ne4 20. Qc2 f5 21. Bxe4
Bxe4 22. Qe2 e5 23. f3 Bc6 24. Rd2 e4 25. fxe4 fxe4 26. Rad1 Bh2+ 27. Kh1 Rdf7
28. Nc2 Rf5 29. g4 Rf2 30. Qxf2 Rxf2 31. Rxf2 Bg3 1/2-1/2

[Event "Amagermesterskabet 2011"]
[Site "Sundbyoster"]
[Date "2011.10.11"]
[Round "6"]
[White "Petersen, Nils"]
[Black "Friis, Jordy"]
[Result "1-0"]
[WhiteElo "1985"]
[BlackElo "1660"]
[PlyCount "57"]
[EventDate "2011.??.??"]

1. c4 e6 2. g3 Nf6 3. Bg2 d5 4. Nf3 Be7 5. b3 c5 6. O-O O-O 7. Bb2 Nc6 8. e3 b6
9. d3 Bb7 10. Qe2 Rc8 11. Nbd2 Qc7 12. Rac1 Rfd8 13. Rfd1 h6 14. d4 Qb8 15.
dxc5 bxc5 16. cxd5 Nxd5 17. Nc4 Bf6 18. Bxf6 Nxf6 19. Rxd8+ Rxd8 20. Rd1 Nd5
21. Qb2 Ndb4 22. Rd2 Qc7 23. a3 Nd5 24. Nfe5 Nde7 25. Nxc6 Bxc6 26. Qe5 Qb8 27.
Bxc6 Nxc6 28. Qxc5 Qxb3 29. Qxc6 1-0

[Event "Amagermesterskabet 2011"]
[Site "Sundbyoster"]
[Date "2011.10.25"]
[Round "7"]
[White "Brorsen, Jacob Abildlund"]
[Black "Petersen, Nils"]
[Result "1-0"]
[WhiteElo "2101"]
[BlackElo "1985"]
[PlyCount "139"]
[EventDate "2011.??.??"]

1. d4 Nf6 2. c4 e6 3. Nc3 Bb4 4. f3 d5 5. a3 Bxc3+ 6. bxc3 c6 7. e3 O-O 8. Nh3
Nbd7 9. Bd3 e5 10. Nf2 exd4 11. cxd4 c5 12. O-O cxd4 13. exd4 dxc4 14. Bxc4 Nb6
15. Bb3 h6 16. Qd3 Nbd5 17. Re1 Be6 18. Ne4 Bf5 19. Qb5 Qd7 20. Qxd7 Bxd7 21.
Nc5 Bc6 22. Bd2 Rfd8 23. Rad1 Rac8 24. Bc1 b6 25. Nd3 Nc3 26. Rd2 Rxd4 27.
Bxf7+ Kf8 28. Ne5 Rxd2 29. Bxd2 Bd5 30. Bg6 Rc7 31. Bd3 Bf7 32. Bf5 Ncd5 33.
Kf2 a5 34. Rb1 Be8 35. h4 Nd7 36. Nd3 Nc5 37. Nf4 Ne7 38. Bg4 Rc6 39. Be3 Bf7
40. Rd1 Ng6 41. Nxg6+ Bxg6 42. Rd8+ Ke7 43. Rg8 Kf7 44. Rb8 h5 45. Bh3 Bd3 46.
Ra8 Ne6 47. Bd2 Kf6 48. Ke3 Bc2 49. g4 hxg4 50. fxg4 g5 51. h5 Nf4 52. Bf1 Re6+
53. Kf2 Nd3+ 54. Kg3 Nc5 55. Kh2 Ne4 56. Be3 Rd6 57. Rb8 Nc3 58. Rf8+ Kg7 59.
Rf2 Bd1 60. Kh3 Rd5 61. Bc4 Rd7 62. Bxg5 Ne4 63. Rf5 Rc7 64. Bd5 Rc3+ 65. Kh2
Nd6 66. Bf6+ Kh7 67. Rg5 Rc2+ 68. Kg1 Rd2 69. Bg8+ Kh6 70. Rg6# 1-0

[Event "Amagermesterskabet 2011"]
[Site "Sundbyoster"]
[Date "2011.10.25"]
[Round "7"]
[White "Friis, Jordy"]
[Black "Andersen, Henrik Hauge"]
[Result "1/2-1/2"]
[WhiteElo "1660"]
[BlackElo "1799"]
[PlyCount "98"]
[EventDate "2011.??.??"]

1. d4 d5 2. c4 c6 3. Nc3 Nf6 4. e3 Bf5 5. cxd5 cxd5 6. Qb3 Qd7 7. Bb5 Nc6 8.
Nf3 e6 9. Ne5 Qc7 10. Bd2 Nd7 11. Nxd7 Qxd7 12. Rc1 Rc8 13. Na4 Be7 14. Nc5
Bxc5 15. Rxc5 O-O 16. O-O a6 17. Be2 Na7 18. Qb6 Rxc5 19. Qxc5 Nc6 20. Rc1 Rc8
21. Qb6 h6 22. Rc5 g5 23. Qb3 Kg7 24. a3 Kf6 25. Qa4 Qd6 26. Qb3 Rc7 27. Qb6
Qd7 28. Qb3 Ne7 29. Bb4 Rxc5 30. Bxc5 Qc6 31. Qc3 Nc8 32. Bb4 Qxc3 33. Bxc3 Bc2
34. Kf1 Nd6 35. Ke1 b5 36. Bb4 Nc4 37. Bxc4 dxc4 38. Bd6 Kf5 39. f3 g4 40. Kf2
h5 41. e4+ Kg5 42. d5 exd5 43. exd5 gxf3 44. gxf3 Kf5 45. Ke3 Bd1 46. Bc7 Kf6
47. d6 Ke6 48. f4 Kd7 49. Ke4 Kc6 1/2-1/2

[Event "Amagermesterskabet 2011"]
[Site "Sundbyoster"]
[Date "2011.10.25"]
[Round "7"]
[White "Grafmoller, Torben"]
[Black "Gade, Jens"]
[Result "1-0"]
[WhiteElo "1794"]
[BlackElo "1292"]
[PlyCount "61"]
[EventDate "2011.??.??"]

1. Nf3 Nf6 2. g3 g6 3. Bg2 Bg7 4. O-O O-O 5. d3 d5 6. Nbd2 c6 7. e4 dxe4 8.
dxe4 Bg4 9. h3 Bxf3 10. Bxf3 Nbd7 11. Qe2 Ne5 12. Bg2 Qb6 13. Kh2 Ne8 14. f4
Nd7 15. e5 e6 16. Ne4 f5 17. Ng5 Nc7 18. Be3 Qa5 19. Rfd1 Rad8 20. Rd6 Rfe8 21.
Rad1 Re7 22. Qc4 Nd5 23. Bd2 Qb6 24. Nxe6 Bxe5 25. fxe5 Nxe5 26. Rxd8+ Qxd8 27.
Qh4 Qd6 28. Nf4 Rd7 29. Nxd5 cxd5 30. Qd4 Nc6 31. Qc3 1-0

[Event "Amagermesterskabet 2011"]
[Site "Sundbyoster"]
[Date "2011.10.25"]
[Round "7"]
[White "Holmberg, Thomas"]
[Black "Gram, Mathias Laerkegaard"]
[Result "0-1"]
[WhiteElo "1121"]
[BlackElo "1471"]
[PlyCount "50"]
[EventDate "2011.??.??"]

1. d4 d5 2. Bg5 Nf6 3. Nc3 Bf5 4. e3 e6 5. Bd3 Bxd3 6. Qxd3 a6 7. e4 dxe4 8.
Nxe4 Nbd7 9. f4 Bb4+ 10. c3 Be7 11. Nxf6+ Nxf6 12. Nf3 c5 13. O-O h6 14. Bxf6
Bxf6 15. Rad1 Qc7 16. Ne5 O-O 17. Rf3 Rad8 18. Rh3 cxd4 19. cxd4 Rd5 20. Qg3
Bxe5 21. fxe5 Kh7 22. Rh5 Qc2 23. Rf1 Rxd4 24. h3 Rd1 25. Rxd1 Qxd1+ 0-1

[Event "Amagermesterskabet 2011"]
[Site "Sundbyoster"]
[Date "2011.10.25"]
[Round "7"]
[White "Jensen, Thore Nyboe"]
[Black "Lontoft, Sven"]
[Result "1-0"]
[WhiteElo "2013"]
[BlackElo "1699"]
[PlyCount "65"]
[EventDate "2011.??.??"]

1. d4 Nf6 2. c4 g6 3. Nc3 d5 4. cxd5 Nxd5 5. Bd2 Bg7 6. Nf3 Nc6 7. e4 Nxc3 8.
Bxc3 O-O 9. Rc1 Bg4 10. d5 Bxc3+ 11. Rxc3 Ne5 12. Qc1 Bxf3 13. gxf3 Rc8 14. Bh3
f5 15. f4 Ng4 16. Rg1 e6 17. dxe6 Qd4 18. Bxg4 fxg4 19. Qe3 Qd6 20. f5 Qxh2 21.
Rxg4 Qh1+ 22. Ke2 Rcd8 23. Rc1 Qh5 24. Qg5 Qxg5 25. Rxg5 Rde8 26. Rxc7 Rf6 27.
Rxb7 h6 28. Rg1 a5 29. Ke3 Kf8 30. Rf7+ Rxf7 31. exf7 Kxf7 32. fxg6+ Kg7 33. f4
1-0

[Event "Amagermesterskabet 2011"]
[Site "Sundbyoster"]
[Date "2011.10.25"]
[Round "7"]
[White "Haagen Larsen, Hans"]
[Black "Hansen, Benny"]
[Result "0-1"]
[WhiteElo "1618"]
[BlackElo "1432"]
[PlyCount "100"]
[EventDate "2011.??.??"]

1. e4 c5 2. d4 cxd4 3. c3 dxc3 4. Nxc3 e6 5. Bf4 a6 6. Nf3 d6 7. Bc4 Nc6 8. Qe2
Nf6 9. Rd1 b5 10. Bb3 Bb7 11. e5 Nh5 12. Bg5 Be7 13. Bxe7 Qxe7 14. exd6 Qd7 15.
Ne5 Nxe5 16. Qxe5 Nf6 17. f3 O-O 18. h4 Rad8 19. h5 h6 20. Rh4 Qc6 21. Rhd4 Rd7
22. Qg3 Qc5 23. Ne4 Nxe4 24. fxe4 Qxh5 25. Bc2 Rc8 26. Qd3 Rc5 27. Kf2 Qg5 28.
g3 a5 29. b4 axb4 30. Rxb4 Qf6+ 31. Kg1 Rc3 32. e5 Rxd3 33. exf6 Rxg3+ 34. Kf1
Rg5 35. fxg7 Kxg7 36. a4 Rd5 37. Rxd5 Bxd5 38. axb5 Rxd6 39. b6 Rd7 40. Kf2 f5
41. Ke3 h5 42. Bd1 Kg6 43. Kf4 Be4 44. Ba4 Rh7 45. Ke5 h4 46. Be8+ Kg5 47. Kxe6
h3 48. Rxe4 fxe4 49. Bc6 h2 50. Bxe4 Rh6+ 0-1

[Event "Amagermesterskabet 2011"]
[Site "Sundbyoster"]
[Date "2011.10.25"]
[Round "7"]
[White "Larsen, Julie"]
[Black "Nielsen, Bjorn"]
[Result "1/2-1/2"]
[WhiteElo "1162"]
[BlackElo "1084"]
[PlyCount "141"]
[EventDate "2011.??.??"]

1. e4 e5 2. Nf3 d6 3. Nc3 Nf6 4. d4 Be7 5. dxe5 dxe5 6. Qxd8+ Bxd8 7. Nxe5 O-O
8. Bc4 Be6 9. Bxe6 fxe6 10. O-O Nfd7 11. Ng4 e5 12. b3 c6 13. Ba3 Re8 14. f4
exf4 15. Rxf4 Na6 16. Rf5 Bb6+ 17. Kh1 Nac5 18. Re1 h6 19. b4 Ne6 20. Ne2 Ng5
21. Ng3 Bc7 22. e5 Ne6 23. Bb2 Rad8 24. Re3 Ndf8 25. h3 Bb6 26. Rd3 Rxd3 27.
cxd3 Nd4 28. Bxd4 Bxd4 29. Ne2 Bb2 30. Rf3 h5 31. Ne3 Rxe5 32. d4 Re4 33. Ng3
Rxd4 34. Nxh5 Rxb4 35. Rg3 Kf7 36. Rf3+ Ke8 37. Nf5 Kd8 38. Nhxg7 Bxg7 39. Nxg7
Nd7 40. g4 Rb1+ 41. Kg2 Rb2+ 42. Rf2 Rxf2+ 43. Kxf2 Nf6 44. Kf3 Kd7 45. Kf4 Ke7
46. h4 Kf7 47. Nf5 Nd5+ 48. Kg5 b5 49. h5 Nf6 50. h6 Nh7+ 51. Kh4 Kf6 52. Ng3
Kg6 53. Nf5 c5 54. Nd6 a6 55. Nb7 c4 56. Na5 c3 57. Nb3 c2 58. Nc1 b4 59. Kg3
Kxh6 60. Kf4 a5 61. Kf3 a4 62. Kf4 Kg6 63. Kf3 Kg5 64. Ke3 Kxg4 65. Kd2 Nf6 66.
Kxc2 Nd5 67. Kb2 Kf4 68. a3 bxa3+ 69. Kxa3 Nb6 70. Nb3 axb3 71. Kxb3 1/2-1/2

[Event "Amagermesterskabet 2011"]
[Site "Sundbyoster"]
[Date "2011.10.25"]
[Round "7"]
[White "Larsen, Kim"]
[Black "Larsen, Ulrik Jejlskov"]
[Result "1/2-1/2"]
[WhiteElo "1618"]
[BlackElo "1591"]
[PlyCount "53"]
[EventDate "2011.??.??"]

1. c4 Nf6 2. Nc3 d5 3. cxd5 Nxd5 4. g3 g6 5. Bg2 c6 6. e4 Nxc3 7. bxc3 Bg7 8.
Ne2 Bg4 9. f3 Be6 10. O-O O-O 11. Kh1 Na6 12. d4 Bc4 13. Re1 e5 14. Bb2 exd4
15. cxd4 c5 16. Rc1 Bxe2 17. Rxe2 cxd4 18. Rd2 Qa5 19. Bxd4 Bxd4 20. Rxd4 Qxa2
21. Ra1 Qf2 22. Rda4 Rfd8 23. Qf1 Qxf1+ 24. Bxf1 Rd2 25. Bxa6 bxa6 26. Rxa6 Rc8
27. R6a2 1/2-1/2

[Event "Amagermesterskabet 2011"]
[Site "Sundbyoster"]
[Date "2011.10.25"]
[Round "7"]
[White "Mielow, Bjarne"]
[Black "Lunding, Peter M"]
[Result "0-1"]
[WhiteElo "1566"]
[BlackElo "1928"]
[PlyCount "64"]
[EventDate "2011.??.??"]

1. Nf3 d5 2. d4 Nf6 3. g3 c6 4. c3 e6 5. Bg2 Bd6 6. O-O Nbd7 7. Nbd2 O-O 8. Qc2
Re8 9. e4 dxe4 10. Nxe4 Nxe4 11. Qxe4 e5 12. dxe5 Nxe5 13. Nxe5 Bxe5 14. Qc2
Qf6 15. Be3 Be6 16. Rfd1 h6 17. a3 Qe7 18. h3 Qc7 19. Kh2 h5 20. h4 Bg4 21. Re1
Re6 22. Bg5 Rae8 23. Bh3 Bxg3+ 24. fxg3 Rxe1 25. Rxe1 Rxe1 26. Bxg4 hxg4 27.
Qd2 Qe5 28. Qd8+ Kh7 29. Qd3+ f5 30. Bf4 Qe2+ 31. Qxe2 Rxe2+ 32. Kg1 Rxb2 0-1

[Event "Amagermesterskabet 2011"]
[Site "Sundbyoster"]
[Date "2011.10.25"]
[Round "7"]
[White "Nielsen, Mogens Bach"]
[Black "Mollmann, Erik"]
[Result "1-0"]
[WhiteElo "1804"]
[BlackElo "1601"]
[PlyCount "67"]
[EventDate "2011.??.??"]

1. c4 e5 2. Nc3 Nf6 3. a3 Bc5 4. e3 a5 5. d4 exd4 6. exd4 Qe7+ 7. Be2 Ba7 8.
Nb5 d6 9. Nxa7 Rxa7 10. Be3 O-O 11. h3 b6 12. Nf3 Bb7 13. O-O Nbd7 14. Re1 Be4
15. Rc1 c5 16. Bd3 Qd8 17. Bf4 d5 18. cxd5 Bxd3 19. Qxd3 Nxd5 20. Bd6 Re8 21.
Rxe8+ Qxe8 22. dxc5 N7f6 23. cxb6 Nxb6 24. Qc3 h6 25. Qc6 Qd8 26. Bc7 Rxc7 27.
Qxc7 Qxc7 28. Rxc7 a4 29. Ne5 Nfd5 30. Rxf7 Nc4 31. Rd7 Ndb6 32. Rd8+ Kh7 33.
Nxc4 Nxc4 34. Rb8 1-0

[Event "Amagermesterskabet 2011"]
[Site "Sundbyoster"]
[Date "2011.10.25"]
[Round "7"]
[White "Sorensen, Johnny"]
[Black "Jensen, Jonbert"]
[Result "0-1"]
[WhiteElo "1233"]
[BlackElo "1345"]
[PlyCount "48"]
[EventDate "2011.??.??"]

1. d4 g6 2. c4 Bg7 3. Nf3 Nf6 4. Nc3 O-O 5. e4 d6 6. h3 e5 7. dxe5 dxe5 8. Bd3
Nh5 9. Bg5 f6 10. Be3 Nc6 11. Ne2 Nb4 12. Nc1 Nxd3+ 13. Nxd3 b6 14. Qc2 c6 15.
Rd1 Qe7 16. g4 Nf4 17. Nxf4 exf4 18. Bxf4 Bb7 19. Nd2 f5 20. gxf5 Rxf5 21. Bg3
Re8 22. f3 Be5 23. exf5 Bxg3+ 24. Kf1 Qe2+ 0-1